| 000 | 00418pab a2200133 454500 | ||
|---|---|---|---|
| 008 | 180718b xxu||||| |||| 00| 0 eng d | ||
| 100 | _aChristoph, James B. | ||
| 245 | _aThe remaking of British administrative culture: Why whitehall can't go home again? | ||
| 650 | _a Senior Civil Servant | ||
| 650 | _a Administrative Culture | ||
| 650 | _aCivil Service - U.K. | ||
| 773 | _aadministration and Society | ||
| 909 | _a22892 | ||
| 999 |
_c22892 _d22892 |
||